000 00877nam a2200253 a 4500
001 40361
003 BD-RjUL
005 20211209053211.0
008 160430m20011988ii |||| |||| 001 0 ben d
020 _a8186946713
_c: IRs. 100.00
035 _a(BD-RjUL)40476
040 _aBD-RjUL
_bben
_cBD-RjUL
041 _aben
082 _223
_a301.0954
_bSUB 2001
100 _aসুর, অতুল
_9124336
245 1 0 _aভারতের নৃতাত্ত্বিক পরিচয় /
_cঅতুল সুর
250 _a২য় সং.
260 _aকলকাতা :
_bসাহিত্যলোক,
_c২০০১
300 _a২২৩ পৃ. ;
_c২৪ সেমি.
500 _aনির্ঘন্ট সংযুক্ত
650 _aনৃতত্ত্ব
_zভারত
_9124337
650 _aAnthropology
_zIndia
_9124338
942 _2ddc
_cBK
999 _c40361
_d40361